Propiedades temporales y relaciones de cointegración de variables nominales en Argentina (Registro nro. 24947)

Detalles MARC
000 -LEADER
fixed length control field 00366 a2200109 4500
001 - CONTROL NUMBER
control field ART_47184
005 - DATE AND TIME OF LATEST TRANSACTION
control field 20260410161850.0
008 - FIXED-LENGTH DATA ELEMENTS--GENERAL INFORMATION
fixed length control field 260409a
100 1# - MAIN ENTRY--PERSONAL NAME
Personal name Ahumada, Hildegart
245 10 - TITLE STATEMENT
Title Propiedades temporales y relaciones de cointegración de variables nominales en Argentina
773 0# - HOST ITEM ENTRY
Title Económica
Related parts - Año XL, Nº 1 (ene. 1994)
Record control number REV7541

No hay ítems disponibles.